000 00577nam a2200205Ii 4500
003 JO-AjNU
008 230606s9999||||xx |||||||||||||| ||und||
020 _a81-224-0754-4
040 _aJO-AjNU
_beng
_erda
_cJO-AjNU
041 _aeng
050 1 4 _aQA276.6.M.2003
100 3 _aMukhopadhyay,pariamal,
_eauthor
_93891
245 0 0 _aInferential problems in survey sampling
264 3 1 _aLondon:new age,2003
300 _a242p
336 _atext
_btxt
_2rdacontent
337 _aunmediated
_bn
_2rdamedia
338 _avolume
_bnc
_2rdacarrier
650 4 _a Fractals 
_93892
999 _aE2029
_c2028
_d2028